01254cam a2200289 a 450000100100000000500170001000800410002702000150006804000250008308200190010810000270012724500840015426000300023830000210026850400310028950400730032059000260039365000290041965000330044865000370048165000280051891000370054695201280058395201160071195201220082799900150094900000274620200929150241.0880412s1987 fr b 000 0 fre  a2865371859 aDO-SdBNPbspacBNPHU a299.675bP733v1 aPluchon, Pierre.9864810aVaudou, sorciers, empoisonneurs :bde Saint-Domingue a Haiti /cPierre Pluchon. aParis :bKarthala,c1987. a320 p. ;c22 cm. aBibliografía: p. 319-320 aIncluye referencias bibliográficas y notas al pie de las páginas aInventariado, 2018/VM 4aVudúzHispaniola98649 0aBrujeríazHispaniola98650 0aEnvenenamientozHispaniola98651 4aMagiazHispaniola98652 aValidado. Control de calidad MFF 001054708MOaGRbGRcHDd2011-09-29iLF1l0o299.675 P733vp2746-30r2020-06-25te. 3w2020-06-25y4ZPréstamo en sala 001050718MOaPDbPDcHDd2009-07-03iLF1l0o299.675 P733vp2746-10r2020-06-25w2020-06-25y1ZNo se presta 001050718MOaPDbPDcHDd2010-05-27iLF1l0o299.675 P733vp2746-20r2020-06-25te. 2w2020-06-25y1ZNo se presta c2580d2580